000 00531nam a2200181Ia 4500
003 LK-CoDNM
008 010623t1968 xxu||||| |||| 00| 1 sin d
040 _aLK-CoDNM
_dLK-CoDNM
_eLK-CoDNM
041 _asin
080 _a891.3
_bCHA
100 _aRev.Chandarathana, Labuhengoda
245 _aපාළි අටිඨකථා සාහිත්‍ය
246 _aPali Attakatha sahithyaya
260 _bDhara Pali sangara sampadaka mandalaya
_c1968
300 _b(xiii)134, 18 cm
650 _aPali Language
942 _cBK
999 _c107648
_d107648